[Event "LSS No Engine Cup 215 Preliminary 0"]
[Site "LSS email"]
[Date "2021.03.13"]
[Round "?"]
[White "Garcia, Miguel Angel"]
[Black "Leisner, Jon"]
[Result "0-1"]
[WhiteElo "1600"]
[BlackElo "1811"]
[PlyCount "22"]
[EventDate "2021.03.13"]
[EventType "tourn (corr)"]
[EventRounds "6"]
[EventCountry "GER"]
[SourceTitle "Corr 2024"]
[Source "ChessBase"]
[SourceDate "2023.10.19"]
[SourceVersion "1"]
[SourceVersionDate "2023.10.19"]
[SourceQuality "1"]

1. e4 e5 2. Nf3 Nf6 3. Nc3 Nc6 4. d4 exd4 5. Nxd4 Bb4 6. Bc4 0-0 7. 0-0 Bxc3 8. bxc3 Nxe4 9. Qf3 Nf6 10. Qg3 Ne4 11. Qh3 d5 0-1

[Event "LSS No Engine Cup 211 Preliminary 0"]
[Site "LSS email"]
[Date "2020.12.15"]
[Round "?"]
[White "Garcia, Miguel Angel"]
[Black "Ramponelli, Roberto"]
[Result "0-1"]
[WhiteElo "1600"]
[BlackElo "1756"]
[PlyCount "34"]
[EventDate "2020.12.15"]
[EventType "tourn (corr)"]
[EventRounds "6"]
[EventCountry "GER"]
[SourceTitle "Corr 2024"]
[Source "ChessBase"]
[SourceDate "2023.10.19"]
[SourceVersion "1"]
[SourceVersionDate "2023.10.19"]
[SourceQuality "1"]

1. e4 c5 2. Nc3 Nc6 3. Bc4 e6 4. Nf3 Nf6 5. 0-0 d6 6. d3 Be7 7. Be3 d5 8. exd5 exd5 9. Nxd5 Nxd5 10. Bd2 0-0 11. c3 Nf6 12. Ng5 Ne5 13. d4 Nxc4 14. Qf3 Nxd2 15. Qh3 Bxh3 16. Nxh3 Nxf1 17. Kxf1 cxd4 0-1

[Event "OP-2020-0-05051"]
[Site "LSS email"]
[Date "2020.11.08"]
[Round "?"]
[White "Garcia, Miguel Angel"]
[Black "Kuttner, Jaromir"]
[Result "1-0"]
[WhiteElo "567"]
[BlackElo "982"]
[PlyCount "63"]
[EventDate "2020.11.08"]
[EventType "tourn (corr)"]
[EventRounds "4"]
[EventCountry "GER"]
[SourceTitle "Corr 2022"]
[Source "ChessBase"]
[SourceDate "2021.10.24"]
[SourceVersion "1"]
[SourceVersionDate "2021.10.24"]
[SourceQuality "1"]

1. e4 c5 2. Nf3 Nc6 3. Nc3 g6 4. d3 Bg7 5. Be3 d6 6. Qd2 Nf6 7. 0-0-0 Qa5 8. b3 Qa3+ 9. Kb1 Ng4 10. d4 cxd4 11. Bxd4 Nf6 12. Nb5 Qb4 13. Qe3 Ng4 14. Qd2 Bxd4 15. Nbxd4 Qxd2 16. Rxd2 0-0 17. Bc4 Nxd4 18. Rxd4 Kg7 19. Re1 Nxf2 20. Ng5 Ng4 21. Rf1 Ne5 22. Nf3 Nxc4 23. Rxc4 e6 24. Ng5 h6 25. Nf3 Bd7 26. Rc7 Bc6 27. Rd1 Rad8 28. e5 d5 29. h4 Rg8 30. Nd4 Rc8 31. Re7 a6 32. Rf1 1-0

[Event "OP-2017-0-04254"]
[Site "LSS email"]
[Date "2017.01.09"]
[Round "?"]
[White "Garcia, Miguel Angel"]
[Black "Neuhausen, Rainer"]
[Result "0-1"]
[WhiteElo "612"]
[BlackElo "964"]
[PlyCount "80"]
[EventDate "2017.01.05"]
[EventType "tourn (corr)"]
[EventRounds "4"]
[EventCountry "GER"]
[SourceTitle "Corr 2022"]
[Source "ChessBase"]
[SourceDate "2021.10.24"]
[SourceVersion "1"]
[SourceVersionDate "2021.10.24"]
[SourceQuality "1"]

1. e4 e5 2. Nf3 Nc6 3. Nc3 Nf6 4. Bc4 Bc5 5. 0-0 d6 6. d3 h6 7. a3 Bg4 8. h3 Bh5 9. b4 Bb6 10. b5 Nd4 11. g4 Nxg4 12. Nxd4 Bxd4 13. hxg4 Bxc3 14. Rb1 Bg6 15. Rb3 Ba5 16. Qf3 f6 17. Be3 Bf7 18. Bxf7+ Kxf7 19. d4 Bb6 20. dxe5 Bxe3 21. Rxe3 dxe5 22. Rd3 Qe7 23. Rfd1 Rad8 24. Kg2 Rxd3 25. Qxd3 Qe6 26. Qd7+ Qxd7 27. Rxd7+ Kg6 28. Rxc7 Rb8 29. Kg3 Kh7 30. f4 exf4+ 31. Kxf4 Kg6 32. c4 b6 33. Rxa7 Rc8 34. e5 Rxc4+ 35. Kg3 fxe5 36. Ra6 Rc3+ 37. Kh4 e4 38. Rxb6+ Kh7 39. a4 g5+ 40. Kh5 Rh3# 0-1

[Event "SEMI B037 email"]
[Site "SEMI email"]
[Date "2003.09.01"]
[Round "?"]
[White "Garcia, Miguel Angel"]
[Black "Malito, Orlando"]
[Result "0-1"]
[WhiteElo "1000"]
[BlackElo "1000"]
[PlyCount "34"]
[EventDate "2003.09.01"]
[EventType "tourn (corr)"]
[EventRounds "6"]
[EventCountry "ITA"]
[SourceTitle "Corr 2008"]
[Source "ChessBase"]
[SourceDate "2008.06.24"]
[SourceVersion "1"]
[SourceVersionDate "2008.06.24"]
[SourceQuality "1"]

1. e4 c5 2. f4 d5 3. exd5 Qxd5 4. Nc3 Qd8 5. Nf3 Nf6 6. Ne5 e6 7. Qf3 a6 8. b3 Qc7 9. Bd3 Nbd7 10. Qe2 Bd6 11. 0-0 Nxe5 12. fxe5 Bxe5 13. h3 Bd7 14. a4 0-0-0 15. Qf2 Bd4 16. Qxd4 cxd4 17. Ne4 Nxe4 0-1

[Event "SEMI B037 email"]
[Site "SEMI email"]
[Date "2003.09.01"]
[Round "?"]
[White "Murazzi, Michele"]
[Black "Garcia, Miguel Angel"]
[Result "1-0"]
[WhiteElo "1300"]
[BlackElo "1000"]
[PlyCount "29"]
[EventDate "2003.09.01"]
[EventType "tourn (corr)"]
[EventRounds "6"]
[EventCountry "ITA"]
[SourceTitle "Corr 2008"]
[Source "ChessBase"]
[SourceDate "2008.06.24"]
[SourceVersion "1"]
[SourceVersionDate "2008.06.24"]
[SourceQuality "1"]

1. Nf3 d5 2. c4 dxc4 3. e3 b5 4. d3 Bg4 5. dxc4 Qxd1+ 6. Kxd1 bxc4 7. Bxc4 Bxf3+ 8. gxf3 Nf6 9. Nc3 e6 10. e4 Bc5 11. Be3 Bxe3 12. fxe3 c6 13. Rg1 0-0 14. Rg5 Nbd7 15. Rc1 1-0